Combattants de mma - Statistiques

Statistiques générales
  • Ce quiz a été pris 1 951 fois
  • Le résultat moyen est 14 sur 55
Statistiques - réponses
Hint Réponse % Correct
GOAT Jon Jones
92%
EAGLE khabib nurmagomedov
70%
GOAT (canadien) Georges Saint-Pierre
62%
Nigerian, il s'est fait éteindre avec un pied bouche après avoir dominé tout le combat Kamaru Usman
59%
Un des rares double champ et certainement le combattant UFC le plus connu à travers le monde Conor Mcgregor
56%
Spider Anderson silva
55%
Double champs et rival du GOAT Daniel Cormier
55%
Homme a la plus grande puissance de frappe au monde Francis Ngannou
55%
Rival d'un brésilien depuis le glory Israel Adesanya
53%
Ancien militaire, entrainé par la team Woirin Benoit Saint Denis
48%
Entrainé par Abdulmanap et digne successeur de Khabib Islam makhachev
47%
7 fois champion du Glory, il check toujours ses angles morts Cédric Doumbé
46%
mighty mouse demetrious johnson
45%
GOAT de sa caté mais s'est fait éteindre en moins de 20 sec Jose Aldo
45%
Phénomène de l'UFC notamment grâce à sa lutte impressionnante, il s'est fendue la lèvre en tombant dans des escaliers Khamzat Chimaev
45%
A contribué à la popularité de l'UFC, ancien champion poids lourd, il a aussi été champion WWE Brock Lesnar
39%
Espoir français du mma, il combat au KSW et tente de devenir double champ Salahdine Parnasse
35%
Gros fumeur, il va affronter jake paul en boxe Nate Diaz
31%
Double champ (ufc et olympique) Henry Cejudo
30%
Champion actuel de la catégorie welterweight de l'UFC Leon Edwards
30%
Combattant UFC featherweight connu pour ses guerres au centre de l'octogone Max Holloway
30%
A perdu en montant de catégorie contre ce dernier Alexander Volkanovski
28%
Connu pour ses prises de poids rapides quand il ne combat pas, et sa coupe au bol Paddy Pimblet
27%
Un khazak déter, proche du clan nurmagomedov, il porte toujours son chapeau traditionnel en peau de loup Shavkat Rakhmonov
25%
Crack français, son surnom vient d'un groupe de rap formé durant sa jeunesse Ciryl Gane
24%
Un des deux combattants qui pourra tenter d'avoir la ceinture BMF à l'UFC 291 Dustin Poirier
21%
Il a combattu dans le jardin de Kimbo Slice plus jeune, et a rempoté la ceinture BMF de l'UFC Jorge Masvidal
21%
Champion UFC bantamweight, il a récemment battu Cejudo Aljamain Sterling
18%
Il détient le record de KO a l'ufc Derrick Lewis
18%
L'autre combattant qui pourra tenter de remporter cette même ceinture Justin Gaethje
18%
GOAT (pride) Fedor Emelianenko
17%
surnommé BAM BAM, il était en main event à l'UFC Paris face à Ciryl Gane Tai Tuivasa
16%
Combattant Français prometteur du cage warrior Morgan Charrière
15%
Il est sur une grosse montée en welter, il a récemment battu Gilbert Burns Belal Muhammad
14%
Membre du Hall of Fame de l'UFC, surnommé "THE ICEMAN" il avait une crète Chuck Lidell
14%
Croate poids lourd champion du Pride et du K-1 Mirko Cro-Cop
12%
Son surnom vient d'un personnage de manga connu pour sa maîtrise du combat, il combat actuellement en welter à l'ARES Baysangur Chamsoudinov
11%
Il a faillit soumettre Islam Makhachev et a remporté le tournoi à 1 million du Road-FC Mansour Barnaoui
9%
Il est sur une pente descendante depuis un coup de genou interdit sur Sterling Petr Yann
9%
Certainement un des meilleurs poids léger de l'UFC, il compte le 2ème plus grand nombre de victoires consécutives de sa catégorie après Khabib Tony Ferguson
9%
Trois fois champion lightweight du Bellator, il est actuellement top 5 des poids légers de l'UFC Michael Chandler
8%
Il est réputé pour ses camps d'entrainements extrêmes, il combat en mi-lourd Jiri Prochazka
7%
Combattant du début de l'ufc, a prit un KO pour la ceinture face a Brock Lesnar Randy Couture
7%
Ancien combattant de mma, maintenant présentateur de la chaine KaratéBushido Gregory Bouchelaghem
6%
Plus jeune combattant à avoir signé à l'UFC Raul Rosas Jr
6%
Combattant français à l'UFC en bantamweight, membre du mma factory Taylor Lapilus
6%
Lutteur hors pair, il fait ses début a l'UFC Bo Nickal
5%
Combattant en mi-lourd, il est le 2ème plus vieux champion de l'UFC, il s'incline en 2022 face à Jiri Prochazka Glover Teixeira
5%
Plus long règne en poid lourd Cain Velasquez
4%
Médaille d'argent aux JO d'été 2000, il combat actuellement en mi-lourd au Bellator, après une série de défaites à l'UFC Yoel Romero
4%
Nouveau phénomène poids lourd de l'UFC il a battu tout ses adversaires par tko au premier round Pavlovich
3%
Champion mi-lourd de l'UFC en 2007, il a battu par Ko Chuck Lidell lors de son 2ème combat dans l'organisation, son surnom est "Rampage" Quinton Jackson
3%
Un des premiers combattants de mma français, il a combattu au Pride et à l'UFC entre autres, il mesure 1m97 Cyrille Diabaté
2%
Goat de sa caté poids lourd à l'UFC a notamment battu l'homme a la plus grande puissance de frappe Stipe Miosic
2%
Brésilien au début de l'ufc excellent en jjb Row Gracie
0%
Aucun quiz correspondant
Distribution des résultats
% des personnes avec chaque résultat
Percentile par nombre de réponses
Votre historique - résultats
Vous n’avez pas pris ce quiz